| 000 | 00617nam a2200181Ia 4500 | ||
|---|---|---|---|
| 003 | GCL | ||
| 008 | 140319s9999 xx 000 0 ara d | ||
| 040 |
_aGCL / _cGCL |
||
| 082 | 0 | 4 |
_a219.5 _bع م |
| 100 | 1 | _aعبدالقادر عودة | |
| 245 | 1 | 0 |
_aالمال والحكم فى الاسلام / _cعبدالقادر عودة |
| 260 |
_a[S.N] : _bدار الكتاب العربى ، _c1951 |
||
| 300 | _a80 ص | ||
| 490 |
_aالهيئة العامة للاستعلامات _v0 |
||
| 650 | 0 | 4 | _aالاسلام والاقتصاد |
| 650 | 0 | 4 | _aالاسلام والاصلاح الاقتصادى |
| 942 |
_2ddc _cBK |
||
| 999 |
_c39033 _d39033 |
||